书目信息 |
| 题名: |
比较文字学
|
|
| 作者: | 王元鹿 著 | |
| 分册: | ||
| 出版信息: | 南宁 广西教育出版社 2001 |
|
| 页数: | 190页 | |
| 开本: | 21cm | |
| 丛书名: | 汉字研究新视野丛书 | |
| 单 册: | ||
| 中图分类: | H02 | |
| 科图分类: | ||
| 主题词: | 文字学--研究 | |
| 电子资源: | ||
| ISBN: | 7-5435-3182-8 | |
| 000 | 00967oam2 2200265 450 | |
| 001 | 1548650751 | |
| 005 | 20150117133213.23 | |
| 010 | @a7-5435-3182-8@b精装@dCNY20.00 | |
| 100 | @a20010724d2001 emky0chiy0110 ea | |
| 101 | 0 | @achi@djpn@deng@ejpn@eeng |
| 102 | @aCN@b450000 | |
| 105 | @ay z 000yy | |
| 200 | 1 | @a比较文字学@9bi jiao wen zi xue@f王元鹿著 |
| 210 | @a南宁@c广西教育出版社@d2001 | |
| 215 | @a190页@d21cm | |
| 225 | 2 | @a汉字研究新视野丛书 |
| 300 | @a国家“九五”重点图书 | |
| 314 | @a王元鹿(1946~),生于苏州,华东师范大学中文系教授、汉语言文字学博士生导师。著有《汉古文字与纳西东巴文字比较研究》、《普通文字学概论》等。 | |
| 330 | @a本书把比较方法引入世界文字研究领域,全面地对汉民族文字、中华民族文字与世界各种文字进行了系统上的综合性比较研究。 | |
| 461 | 0 | @12001 @a汉字研究新视野丛书 |
| 606 | 0 | @a文字学@x研究 |
| 690 | @aH02@v5 | |
| 701 | 0 | @a王元鹿@9wang yuan lu@f(1946~)@4著 |
| 801 | 0 | @aCN@bTSSF@c20150117 |
| 905 | @aZUCC@dH02@eJY1 | |
| 比较文字学/王元鹿著.-南宁:广西教育出版社,2001 |
| 190页;21cm.-(汉字研究新视野丛书) |
| 国家“九五”重点图书 |
| ISBN 7-5435-3182-8(精装):CNY20.00 |
| 本书把比较方法引入世界文字研究领域,全面地对汉民族文字、中华民族文字与世界各种文字进行了系统上的综合性比较研究。 |
| ● |
| 相关链接 |
|
|
|
|
正题名:比较文字学
索取号:H02/JY1
 
预约/预借
| 序号 | 登录号 | 条形码 | 馆藏地/架位号 | 状态 | 备注 |
| 1 | 7852509 | 278525099 | 学院路分馆/ [索取号:H02/JY1] | 在馆 | |
| 2 | 7852510 | 278525106 | 学院路分馆/ [索取号:H02/JY1] | 在馆 | |
| 3 | 7852511 | 278525115 | 学院路分馆/ [索取号:H02/JY1] | 在馆 | |
| 4 | 7852512 | 278525124 | 学院路分馆/ [索取号:H02/JY1] | 在馆 |